000 00339nam a22001337a 4500
008 250307b |||||||| |||| 00| 0 eng d
020 _a0070321167
050 _aHD1380
_b.I79
100 _aIRWIN, Robert
245 _aComputerizing your Real Estate Office
260 _aU.S.A
_bMcGraw-Hill Inc.
_c1985
300 _aviii, 151p.
942 _cBK
999 _c2159
_d2159